Which Happened First? (French Revolution) Quiz Stats

 Plays Quiz Updated Apr 24, 2016

Score 0/12 Timer 03:00
1 Play Today
A First to Occur % Correct
The Seven Years' War ends, leaving France in debt???
85.3%
King Louis XVI executed???
80.2%
Salle des États closes, leading to the 'Tennis Court' oath???
66.6%
National Convention makes 'La Marseillaise' the national anthem???
65.5%
Adoption of the 'Declaration of the Rights of Man and of the Citizen'???
62.8%
Reign of Terror???
61.8%
Maximilien Robespierre guillotined???
57.6%
'A Tale of Two Cities' published???
56.4%
Flight to Varennes???
56%
Battle of the Nile???
55.7%
Storming of the Bastille???
48.9%
Treaty of Amiens???
39.1%

You're not logged in!

Compare scores with friends on all Sporcle quizzes.
OR
Log In

Show Comments

Extras

Top Quizzes Today


Score Distribution

Your Account Isn't Verified!

In order to create a playlist on Sporcle, you need to verify the email address you used during registration. Go to your Sporcle Settings to finish the process.

Report this User

Report this user for behavior that violates our Community Guidelines.

Details: